| 000 | 00541nam a22001577a 4500 | ||
|---|---|---|---|
| 999 |
_c535700 _d535700 |
||
| 020 | _qHard Cover. | ||
| 082 | _a620.1 | ||
| 100 | _aAbbas, Nasir | ||
| 245 |
_aENERGY AND EXERGY ANALYSIS OF SOLAR DESALINATION PLANT FOR OPTMUM PERFORMANCE ANALYSIS / _cNasir Abbas. |
||
| 260 |
_aIslamabad : _bPNEC - NUST, _c2018. |
||
| 300 |
_avii, 71 p. : ill. ; _c30cm. |
||
| 942 |
_2ddc _cTHE |
||
| 650 |
_aMechanical Engineering MS-Thesis _916090 |
||
| 700 |
_aDr. Shafiq Ur Rehman Qureshi. _929678 |
||